Житье и дъятельность Ивана Наумовича (Запис № 312187)

МАРК-запис
000 -Лідер
fixed length control field 00838nam a22002657a 4500
001 - Контрольний номер
control field 25882
003 - Ідентифікатор контрольного номера
control field UA-OsUOA
005 - Дата та час останнього входження (трансакції)
control field 20200324095216.0
007 - Фіксоване поле фізичного опису
fixed length control field ta
008 - Елементи даних фіксованої довжини – загальна інформація
fixed length control field 20040429b un ||||| |||| 00| 0 ukr d
040 ## - Джерело каталогізації
Агенція оригінальної каталогізації UA-OsUOA
Мова каталогізації rus
Агенція, яка здійснювала перезапис UA-OsUOA
Агенція, яка здійснювала модифікацію UA-OsUOA
041 ## - Код мови
Код мови тексту/ звукової доріжки чи окремого заголовка (П) rus
044 ## - Код країни видавця/ виробника
Код країни видавця/ виробника (П) UA
080 ## - Індекс Універсальної десяткової класифікації
Індекс Універсальної десяткової класифікації (УДК) (НП) 37.012:09
090 ## - Локальний шифр розміщення
Класифікаційний індекс УДК 37.012:09
Авторський знак (НП) М77
100 ## - Основне введення – ім’я особи
Ім’я особи (НП) Мончаловскій О.А.
245 ## - Відомості про назву
Назва (НП) Житье и дъятельность Ивана Наумовича
260 ## - Публікація, розповсюдження і т.п. (Вихідні дані)
Місце публікації, розповсюдження і т.п. (П) Львовъ
Ім’я/ наймення видавництва, розповсюджувача і т.п. (П) Изъ типографи Ставропигійского Института
Дата публікації, розповсюдження і т.п. (П) 1899
300 ## - Фізичний опис
Обсяг 112 с.
650 #7 - Додаткове предметне введення – тематичний термін
Джерело заголовка чи терміна 09 Рукописи. Раритети і рідкісні видання.
650 #7 - Додаткове предметне введення – тематичний термін
Джерело заголовка чи терміна 37.012
942 ## - Додаткові елементи входу (Коха)
Тип елемента Koha Рідкісне/цінне видання
Source of classification or shelving scheme Universal Decimal Classification
955 ## - Код типу видання за змістом
Код типу видання за змістом (НП) Наукові видання
Фонди
Стан вилучень Стан втрат Джерело класифікації або схеми стелажів Стан уражень Не для кредиту Постійне місце розташування Поточне розміщення Дата придбання Вартість, звичайна ціна покупки Інвентарний номер Усього замовленно Повний номер виклику Штрих-код Дата останнього перегляду Ціна ефективна від Тип елемента Koha
    Universal Decimal Classification     ЧЗ - Читальна зала ЧЗ - Читальна зала 29/04/2004 20.08 68202   37.012 М77 68202 07/12/2021 29/04/2004 Рідкісне/цінне видання